Népszavazás a különválásról? Bodnár Ferenc: "Anyagilag elönyösebb lenne, ha önállósulna a település

Bibliographic Details
Main Author: (gazdag) (Author)
Format: Article
Language:Hungarian
Slovak
Subjects:

MARC

LEADER 00000nab a2200000 a 4500
001 vtls000924303
003 SK-MaSNL
005 20260319073756.0
008 040720e19970109xo 0 hun
035 |a KE33180 
040 |a KEVKJB  |b slo  |c KEVKJB  |e AACR2 
041 1 |h slo 
044 |a xo  |c SK 
080 |a 352  |2 1981 
100 0 |a (gazdag)  |4 aut  |9 880778 
245 1 0 |a Népszavazás a különválásról?  |b Bodnár Ferenc: "Anyagilag elönyösebb lenne, ha önállósulna a település 
650 0 7 |a odčlenenie obcí  |2 KEVKJB  |9 880507 
650 0 7 |a referendum  |2 KEVKJB  |9 4497 
650 0 7 |a rozhovory  |2 KEVKJB  |9 453585 
651 7 |a Moldava nad Bodvou (Slovensko)  |2 KEVKJB  |9 20255 
651 7 |a Budulov (Moldava nad Bodvou, Slovensko)  |2 KEVKJB  |9 109514 
651 7 |a KS,  |2 KEVKJB  |9 880381 
655 7 |a periodikum  |2 snkbucl  |9 29553 
773 0 8 |t Új Szó  |g Roč. 50  |g Roč. 28, č.6, 9.1.1997, s. 3 
852 |a ZVYKNI  |b KIS3GCP 
999 |c 1670413  |d 1672343